Liczenie od 1 do 50 w 15 sekund - Statystyki

Ogólne statystyki
  • Ten quiz został rozwiązany 6 458 razy
  • Średni wynik to 24 z 50
Statystyki odpowiedzi
Odpowiedź % Poprawnych
1
99%
2
98%
3
97%
4
96%
5
96%
6
94%
7
93%
8
93%
9
92%
10
82%
11
82%
12
81%
13
78%
14
77%
15
75%
16
74%
17
73%
18
71%
19
68%
20
61%
21
61%
22
55%
23
53%
24
49%
25
47%
26
43%
27
41%
28
38%
29
36%
30
30%
31
30%
32
26%
33
24%
34
21%
35
17%
36
15%
37
14%
38
13%
39
12%
41
10%
40
9%
42
8%
43
7%
44
6%
45
5%
50
4%
46
3%
47
3%
48
3%
49
2%
Nie znaleziono quizów pasujących do podanych kryteriów
Rozkład punktacji
Procent ludzi z każdym wynikiem
Percentyl według liczby udzielonych odpowiedzi
Twoja historia wyników
Nie rozwiązałeś tego quizu